000 00729nam a2200289Ia 4500
003 OSt
005 20221006151341.0
006 a|||||r|||| 00| 0
007 ta
008 221006b |||||||| |||| 00| 0 eng d
020 _c
_5.00
024 _a21,801
037 _cTextual
040 _aEASL
_cEASL
_beng
041 _2eng
_aeng
082 _aQ842.N5, K3
100 _aTHOMSEN Harry
_9658997
245 0 _aNew religions of Japan
260 _aJapan
_bCharles E. Tuttle
_c1963
300 _a269p.
_ccm.
490 _v KEL
650 _a JEL
650 _a Omoto Group
_9658998
650 _aNichiren Group
_9658999
942 _hQ842.N5, K3
_cTEXL
_2CC
999 _c1089887
_d1089887